| 000 | 00992nam a2200229 a 4500 | ||
|---|---|---|---|
| 001 | 000022129 | ||
| 005 | 20250621074006.0 | ||
| 008 | 100917s1984 dr 000 0 spa d | ||
| 040 |
_aDO-SdBNP _bspa _cBNPHU |
||
| 082 |
_a320.97293 _bG216t |
||
| 100 | 1 |
_aGarcía, Juan Manuel _921032 |
|
| 245 | 1 | 3 |
_aUn testimonio : _bartículos de opinión / _cJuan Manuel García. |
| 260 |
_aSanto Domingo : _bAmigo del Hogar, _c1984. |
||
| 300 |
_a228 p. ; _c21 cm. |
||
| 505 | 0 |
_gIntroducción -- _tSalvador Jorge Blanco -- _tDoctor Peña Gómez -- _tPeriodismo -- _tIglesia -- _tGeneralidades -- _gÍndice cronológico. |
|
| 590 | _aInventariado, 2018/ YL | ||
| 600 | 1 | 0 |
_aJorge Blanco, Salvador, _d1926-2000 _vEnsayos, conferencias, etc. _945829 |
| 650 | 4 |
_aDiarios dominicanos _xSecciones, columnas, etc. _944 |
|
| 650 | 4 |
_aRepública dominicana _xPresidente(1982-1986: salvador jorge blanco) _922963 |
|
| 651 | 0 |
_aRepública Dominicana _xPolítica y gobierno _945 |
|
| 910 | _aValidado. Control de calidad EMS | ||
| 999 |
_c21627 _d21627 |
||